| 000 | 00463nam a2200169Ia 4500 | ||
|---|---|---|---|
| 003 | GCL | ||
| 008 | 140319s9999 xx 000 0 eng d | ||
| 040 |
_aGCL / _cGCL |
||
| 082 | 0 | 4 |
_a005.43 _bT P |
| 100 | 1 | _aTESTA, LAURA J | |
| 245 | 1 | 0 |
_aPAGE MAKER 5.0 FOR THE MAC PAGE DESIGN / _cTESTA, LAURA J |
| 260 |
_a[S.N] : _bSYBEX ، _c1993 |
||
| 300 | _a564 PP | ||
| 650 | 0 | 4 | _aCOMPUTER GRAPHICS |
| 650 | 0 | 4 | _aPAGE-1 ( ELECTIONC COMPUTER SYSTEM ) |
| 942 |
_2ddc _cBK |
||
| 999 |
_c16148 _d16148 |
||